000 01172nam a2200205Ia 4500
003 OSt
005 20241004161511.0
007 ca aa aaaaa
008 201103s9999 xx 000 0 und d
040 _cSSBUL
041 _abur
082 _223
_a၂၉၄.၃၀၉၂ အ
_b၉၂၈၄ S-SAT
100 0 _a အရိယဝံသ၊ ဘဒ္ဒန္တ၊ ကချင်ဆရာတော်
245 0 _aဗုဒ္ဓဘာသာသို့ကူးပြောင်းလာသော ကချင်ဆရာတော်ဘဒ္ဒန္တအရိယဝံသ၏ ကိုယ်တိုင်ရေးထေရုပ္ပတ္တိနှင့်အတွေ့အကြုံမှတ်တမ်းများ /
_cဆရာတော်ဘဒ္ဒန္တအရိယဝံသ။
260 _a[နေရာမပါ] ၊
_b[ထုတ်ဝေသူမပါ]၊
_c[ခုနှစ်မပါ]။
300 _a၁၀၄ စာမျက်နှာ ၊
_c၂၀ စင်တီ။
500 _aS-SAT: Prof. Dr. Sai Aung Tun
650 _aဘဒ္ဒန္တအရိယဝံသ
_xထေရုပ္ပတ္တိ
_954903
942 _2ddc
_cBK1
999 _c16809
_d16809